Analytical lexicon to the Septuagint / (Record no. 1368)
[ view plain ]
| 000 -LEADER | |
|---|---|
| fixed length control field | 01333cam a2200301 a 4500 |
| 001 - CONTROL NUMBER | |
| control field | 15815759 |
| 003 - CONTROL NUMBER IDENTIFIER | |
| control field | GBCCL |
| 005 - DATE AND TIME OF LATEST TRANSACTION | |
| control field | 20241126110359.0 |
| 008 - FIXED-LENGTH DATA ELEMENTS--GENERAL INFORMATION | |
| fixed length control field | 090714s2009 maua d 000 0 mul |
| 010 ## - | |
| -- | 2009028690 |
| 020 ## - INTERNATIONAL STANDARD BOOK NUMBER | |
| International Standard Book Number | 9781565635166 (Hendrickson Publishers : alk. paper) |
| 020 ## - INTERNATIONAL STANDARD BOOK NUMBER | |
| International Standard Book Number | 9783438051363 (Deutsche Bibelgesellschaft : alk. paper) |
| 040 ## - CATALOGING SOURCE | |
| Original cataloging agency | DLC |
| Transcribing agency | DLC |
| Modifying agency | DLC |
| 050 00 - | |
| -- | BS744 |
| -- | .T38 2009 |
| 082 00 - DEWEY DECIMAL CLASSIFICATION NUMBER | |
| Classification number | 221.4803 |
| Edition information | 22 |
| Item number | TAY |
| 100 1# - MAIN ENTRY--PERSONAL NAME | |
| Personal name | Taylor, Bernard A. |
| Fuller form of name | (Bernard Alwyn), |
| Dates associated with a name | 1944- |
| 9 (RLIN) | 2703 |
| 245 10 - TITLE STATEMENT | |
| Title | Analytical lexicon to the Septuagint / |
| Statement of responsibility, etc. | Bernard A. Taylor ; with word definitions by [Johan Lust, Erik Eynikel, and Katrin Hauspie]. |
| 250 ## - EDITION STATEMENT | |
| Edition statement | Expanded ed. |
| 260 ## - PUBLICATION, DISTRIBUTION, ETC. | |
| Place of publication, distribution, etc. | Peabody, Mass. : |
| Name of publisher, distributor, etc. | Hendrickson Publishers, Inc. ; |
| Place of publication, distribution, etc. | Stuttgart, Germany : |
| Name of publisher, distributor, etc. | Deutsche Bibelgesellschaft, |
| Date of publication, distribution, etc. | c2009. |
| 300 ## - PHYSICAL DESCRIPTION | |
| Extent | xxx, 591 p. : |
| Other physical details | ill. ; |
| Dimensions | 25 cm. |
| 505 0# - FORMATTED CONTENTS NOTE | |
| Formatted contents note | Overview -- Nouns -- Transliterations -- Adjectives -- Verbs -- Using the lexicon. |
| 630 00 - SUBJECT ADDED ENTRY--UNIFORM TITLE | |
| Uniform title | Bible. |
| Name of part/section of a work | Old Testament. |
| Language of a work | Greek |
| General subdivision | Versions |
| -- | Septuagint. |
| 9 (RLIN) | 2704 |
| 650 #0 - SUBJECT ADDED ENTRY--TOPICAL TERM | |
| Topical term or geographic name entry element | Greek language, Biblical |
| General subdivision | Parsing. |
| 9 (RLIN) | 2705 |
| 650 #0 - SUBJECT ADDED ENTRY--TOPICAL TERM | |
| Topical term or geographic name entry element | Greek language, Biblical |
| Form subdivision | Dictionaries. |
| 9 (RLIN) | 2706 |
| 906 ## - LOCAL DATA ELEMENT F, LDF (RLIN) | |
| a | 7 |
| b | cbc |
| c | orignew |
| d | 1 |
| e | ecip |
| f | 20 |
| g | y-gencatlg |
| 942 ## - ADDED ENTRY ELEMENTS (KOHA) | |
| Source of classification or shelving scheme | Dewey Decimal Classification |
| Koha item type | Language |
| Withdrawn status | Lost status | Source of classification or shelving scheme | Damaged status | Not for loan | Home library | Current Library | Shelving location | Date acquired | Cost, normal purchase price | Total checkouts | Full call number | Barcode | Date last seen | Copy number | Price effective from | Koha item type |
|---|---|---|---|---|---|---|---|---|---|---|---|---|---|---|---|---|
| Dewey Decimal Classification | GRACE BIBLE COLLEGE | GRACE BIBLE COLLEGE | Language | 2017-04-27 | 1290.50 | 221.4803 TAY | 014307 | 2025-05-01 | c.1 | 2017-04-27 | Language |